UBT Library

Cognitive therapy of personality disorders / (Record no. 42676)

000 -LEADER
fixed length control field 00753pam a2200229 a 4500
001 - CONTROL NUMBER
control field 1053606
005 - DATE AND TIME OF LATEST TRANSACTION
control field 20180215074455.0
008 - FIXED-LENGTH DATA ELEMENTS--GENERAL INFORMATION
fixed length control field 900228s1990 nyu b 001 0 eng
010 ## - LIBRARY OF CONGRESS CONTROL NUMBER
LC control number 90033575
020 ## - INTERNATIONAL STANDARD BOOK NUMBER
International Standard Book Number 0898624347 (alk. paper)
040 ## - CATALOGING SOURCE
Original cataloging agency DLC
Transcribing agency DLC
Modifying agency DLC
041 ## - LANGUAGE CODE
Language code of text/sound track or separate title eng
080 ## - UNIVERSAL DECIMAL CLASSIFICATION NUMBER
Universal Decimal Classification number 616.858 BEC
082 00 - DEWEY DECIMAL CLASSIFICATION NUMBER
Classification number 616.858 BEC
Edition number 20
100 1# - Rafti
Rafti 48
101 ## - Shkurtesa
Shkurtesa PSI
245 10 - TITLE STATEMENT
Title Cognitive therapy of personality disorders /
Statement of responsibility, etc Aaron T. Beck, Arthur Freeman, and associates.
504 ## - BIBLIOGRAPHY, ETC. NOTE
Bibliography, etc Includes bibliographical references (p. 365-382) and index.
906 ## - LOCAL DATA ELEMENT F, LDF (RLIN)
a 7
b cbc
c orignew
d 1
e ocip
f 19
g y-gencatlg
942 ## - ADDED ENTRY ELEMENTS (KOHA)
Source of classification or shelving scheme
Item type Books
Holdings
Withdrawn status Lost status Source of classification or shelving scheme Damaged status Not for loan Collection code Permanent location Current location Shelving location Date acquired Total Checkouts Full call number Barcode Date last seen Price effective from Koha item type
          Koleksioni i përgjithshem UBT - Lipjan UBT - Lipjan Koleksioni i përgjithshem 02/15/2018   616.858 BEC 002-2998501 02/15/2018 02/15/2018 Books
UBT Library © 2015-2024. All rights reserved University Education for Business and Technology